Páginas iniciales (notice n° 2035509)

détails MARC
000 -LEADER
fixed length control field 01609cam a2200181 4500500
005 - DATE AND TIME OF LATEST TRANSACTION
control field 20260405000301.0
041 ## - LANGUAGE CODE
Language code of text/sound track or separate title fre
042 ## - AUTHENTICATION CODE
Authentication code dc
100 10 - MAIN ENTRY--PERSONAL NAME
Personal name Berhili, Saad-Ellah
Relator term author
245 00 - TITLE STATEMENT
Title Páginas iniciales
260 ## - PUBLICATION, DISTRIBUTION, ETC.
Date of publication, distribution, etc. 2026.<br/>
500 ## - GENERAL NOTE
General note 41
520 ## - SUMMARY, ETC.
Summary, etc. Teniendo en cuenta que la segmentación del mercado laboral marroquí se manifiesta, en particular, por el predominio del empleo informal precario entre los asalariados, la movilidad profesional reviste una importancia económica y social aún mayor. Gracias a la movilización sin precedentes de dos paneles (uno que recurre a la encuesta sobre el empleo de la Alta Comisaría para la Planificación y otro que recurre al panel de hogares del Observatorio Nacional de Desarrollo Humano), este artículo da cuenta de la movilidad profesional, en particular entre el empleo informal precario y los empleos que dan derecho a la protección social. Teniendo en cuenta las transiciones hacia y desde el desempleo y la inactividad, identifica en particular los factores que obstaculizan dichos cambios, especialmente para los hombres la inserción inicial en un empleo precario y, para las mujeres, la escasez de empleos dignos accesibles, lo que las lleva a preferir la inactividad. Por el contrario, los niveles superiores de formación profesional favorecen el acceso a empleos dignos.
700 10 - ADDED ENTRY--PERSONAL NAME
Personal name Hanchane, Saïd
Relator term author
700 10 - ADDED ENTRY--PERSONAL NAME
Personal name Ziroili, Mustapha
Relator term author
786 0# - DATA SOURCE ENTRY
Note Futuribles | 471 | 2 | 2026-02-26 | p. 1-2 | 0337-307X
856 41 - ELECTRONIC LOCATION AND ACCESS
Uniform Resource Identifier <a href="https://shs.cairn.info/revista-futuribles-2026-2-page-1?lang=es&redirect-ssocas=7080">https://shs.cairn.info/revista-futuribles-2026-2-page-1?lang=es&redirect-ssocas=7080</a>

Pas d'exemplaire disponible.

PLUDOC

PLUDOC est la plateforme unique et centralisée de gestion des bibliothèques physiques et numériques de Guinée administré par le CEDUST. Elle est la plus grande base de données de ressources documentaires pour les Étudiants, Enseignants chercheurs et Chercheurs de Guinée.

Adresse

627 919 101/664 919 101

25 boulevard du commerce
Kaloum, Conakry, Guinée

Réseaux sociaux

Powered by Netsen Group @ 2025